První bilance Národní banky Slovenska

Stav aktív a pasív Národnej banky Slovenska k 31.3.1993 udávaný v mil. SK. Záväzky NBS. Bilancia NBS.

Uložené v:
Podrobná bibliografia
Médium: Kapitola
Jazyk:Czech
Predmet:
Tagy: Pridať tag
Žiadne tagy, Buďte prvý, kto otaguje tento záznam!

MARC

LEADER 00000naa a2200000 4500
001 r013849
005 20221213083306.6
041 0 |a cze 
044 |a CZ 
245 1 0 |a První bilance Národní banky Slovenska 
520 |a Stav aktív a pasív Národnej banky Slovenska k 31.3.1993 udávaný v mil. SK. Záväzky NBS. Bilancia NBS. 
610 2 0 |a NBS Bratislava 
610 2 0 |a 1993 
610 2 0 |a aktíva 
610 2 0 |a pasíva 
610 2 0 |a bilancia finančná